[Event "European Blitz Championship 2021"]
[Site "Katowice"]
[Date "2021.12.17"]
[Round "17.30"]
[White "Pacuszka, Tomasz"]
[Black "Kyc, Jerzy"]
[Result "0-1"]
[WhiteElo "2145"]
[BlackElo "2250"]
[Annotator "NA"]
[PlyCount "86"]
[EventDate "2021.12.17"]
[EventType "swiss"]
[EventCountry "POL"]
[SourceTitle "playchess.com"]
[Source "ChessBase"]
[SourceQuality "1"]

1. g3 d5 2. Bg2 e5 3. d3 Nf6 4. c3 Be7 5. Qc2 O-O 6. Nd2 Be6 7. Ngf3 Nbd7 8.
Ng5 Bf5 9. e4 dxe4 10. dxe4 Bg6 11. O-O Nc5 12. b4 h6 13. Nxf7 Bxf7 14. bxc5
Bxc5 15. Nb3 Bd6 16. Be3 Qe7 17. h3 b6 18. c4 Nd7 19. Rfd1 Be6 20. Kh2 a5 21.
a4 Kh8 22. Rd2 Bb4 23. Rd5 Bxd5 24. cxd5 Nc5 25. Nc1 Na6 26. Nd3 Bd6 27. f4 Nb4
28. Nxb4 axb4 29. f5 Ra5 30. Qb3 Rfa8 31. h4 b5 32. Qd1 bxa4 33. Qh5 Qe8 34.
Qg4 Be7 35. Rf1 Bf6 36. Bg5 a3 37. Bxf6 gxf6 38. Rc1 Qe7 39. Qg6 Qg7 40. Qh5 a2
41. Rxc7 Qxc7 42. Qxh6+ Qh7 43. Qxf6+ Qg7 0-1

[Event "European Blitz Championship 2021"]
[Site "Katowice"]
[Date "2021.12.17"]
[Round "18"]
[White "Dragnev, Valentin"]
[Black "Pakleza, Zbigniew"]
[Result "1-0"]
[WhiteElo "2548"]
[BlackElo "2496"]
[Annotator "ChessBase"]
[PlyCount "73"]
[EventDate "2021.12.17"]
[EventType "swiss"]
[EventCountry "POL"]
[SourceTitle "playchess.com"]
[Source "ChessBase"]
[SourceQuality "1"]

1. e4 d6 2. d4 Nf6 3. Nc3 c6 4. Nf3 Bg4 5. Be2 e6 6. h3 Bh5 7. Be3 d5 8. e5
Nfd7 9. Nb1 c5 10. c3 Qb6 11. Nbd2 Nc6 12. O-O Be7 13. Qb3 O-O 14. Qxb6 axb6
15. a3 c4 16. g4 Bg6 17. Ne1 b5 18. Rc1 Nb6 19. f4 f5 20. exf6 Bxf6 21. Bd1 Na4
22. Bxa4 bxa4 23. Ndf3 Ra5 24. Rd1 Rb5 25. Rd2 Be4 26. Ne5 Be7 27. N1f3 Na5 28.
Rdf2 Nb3 29. Ng5 Bxg5 30. fxg5 Rxf2 31. Rxf2 Na1 32. Nd7 h6 33. gxh6 Nc2 34.
Bc1 gxh6 35. Nf6+ Kg7 36. Nxe4 dxe4 37. Rxc2 1-0

[Event "European Blitz Championship 2021"]
[Site "Katowice"]
[Date "2021.12.17"]
[Round "18"]
[White "Pultinevicius, Paulius"]
[Black "Szczurek, Krzysztof"]
[Result "1/2-1/2"]
[WhiteElo "2546"]
[BlackElo "2088"]
[Annotator "ChessBase"]
[PlyCount "221"]
[EventDate "2021.12.17"]
[EventType "swiss"]
[EventCountry "POL"]
[SourceTitle "playchess.com"]
[Source "ChessBase"]
[SourceQuality "1"]

1. e4 c6 2. d3 d5 3. Nd2 e5 4. g3 Nf6 5. Bg2 Bc5 6. Ngf3 O-O 7. O-O Re8 8. c3
Nbd7 9. Qe2 a5 10. b3 dxe4 11. dxe4 b5 12. Bb2 Ba6 13. h3 Qb6 14. Nh4 Rad8 15.
Nf5 Nf8 16. Nf3 Ng6 17. Bc1 h6 18. N3h4 Nxh4 19. Nxh4 b4 20. c4 Bd4 21. Rb1 c5
22. Kh1 Bb7 23. Nf5 Kh7 24. Bd2 a4 25. bxa4 Ra8 26. a3 Rxa4 27. axb4 cxb4 28.
Nxd4 exd4 29. Qd3 Nxe4 30. f3 Qg6 31. fxe4 Ra3 32. Qxa3 bxa3 33. Rxb7 a2 34.
Ra7 Qxg3 35. Rxa2 Re7 36. c5 Qb3 37. Raa1 Qd3 38. Rad1 Qb5 39. Rc1 Rc7 40. c6
Rxc6 41. Rxc6 Qxc6 42. Rxf7 Qc2 43. Rf2 Qb1+ 44. Kh2 Qb8+ 45. Bf4 Qb6 46. e5 d3
47. Rd2 Qb4 48. Be3 Qc4 49. e6 Qc7+ 50. Kh1 Qc1+ 51. Kh2 Qc7+ 52. Kg1 Qe5 53.
Rxd3 Qxe6 54. Bf2 Kh8 55. Re3 Qc8 56. Be4 Qc1+ 57. Kg2 g5 58. Rf3 Qd2 59. Bf5
Kg7 60. Bd3 Qb4 61. Re3 Qb7+ 62. Be4 Qb4 63. Bf3 Kg6 64. Re4 Qb3 65. Re2 Qc4
66. Rd2 Qb4 67. Rd4 Qa3 68. Rc4 Qb3 69. Rc6+ Kg7 70. Bd4+ Kh7 71. Be4+ Kg8 72.
Rc8+ Kf7 73. Bf2 Qe6 74. Rc7+ Kf8 75. Bf3 Qe5 76. Rb7 Qf5 77. Ra7 Ke8 78. Bg4
Qd5+ 79. Bf3 Qf5 80. Bc6+ Kf8 81. Bf3 Qe5 82. Rb7 Qf5 83. Rb3 Qe5 84. Re3 Qb5
85. Bg4 Qd5+ 86. Rf3+ Ke7 87. Kh2 Qe5+ 88. Bg3 Qb2+ 89. Rf2 Qd4 90. Re2+ Kf8
91. Bf3 Qd3 92. Rf2 Ke7 93. Bg2 Qc4 94. Rb2 h5 95. Rb7+ Kf6 96. Rb6+ Kf5 97.
Rb2 h4 98. Rf2+ Ke6 99. Bb8 Qb4 100. Re2+ Kf5 101. Be5 Qc4 102. Bf3 Qb3 103.
Bg4+ Kg6 104. Bd6 Kf6 105. Re6+ Kf7 106. Re7+ Kf6 107. Re6+ Kf7 108. Re2 Qd3
109. Re7+ Kf6 110. Re6+ Kf7 111. Re7+ 1/2-1/2

[Event "European Blitz Championship 2021"]
[Site "Katowice"]
[Date "2021.12.17"]
[Round "18"]
[White "Gumularz, Szymon"]
[Black "Plat, Vojtech"]
[Result "*"]
[WhiteElo "2533"]
[BlackElo "2548"]
[Annotator "ChessBase"]
[PlyCount "47"]
[EventDate "2021.12.17"]
[EventType "swiss"]
[EventCountry "POL"]
[SourceTitle "playchess.com"]
[Source "ChessBase"]
[SourceQuality "1"]

1. e4 g6 2. d4 Bg7 3. Nf3 d6 4. c3 Nf6 5. Bd3 O-O 6. O-O Nc6 7. h3 e5 8. Re1
Re8 9. d5 Ne7 10. c4 a5 11. Nc3 Nd7 12. Bc2 Nc5 13. Be3 b6 14. Rb1 f5 15. exf5
Nxf5 16. Bg5 Bf6 17. Bxf6 Qxf6 18. a3 Bd7 19. b4 axb4 20. axb4 Nb7 21. Ne4 Qf8
22. Qd2 h6 23. Ra1 Kg7 24. Qc3 *

[Event "European Blitz Championship 2021"]
[Site "Katowice"]
[Date "2021.12.17"]
[Round "18"]
[White "Sumets, Andrey"]
[Black "Keinanen, Toivo"]
[Result "*"]
[WhiteElo "2527"]
[BlackElo "2358"]
[Annotator "ChessBase"]
[PlyCount "43"]
[EventDate "2021.12.17"]
[EventType "swiss"]
[EventCountry "POL"]
[SourceTitle "playchess.com"]
[Source "ChessBase"]
[SourceQuality "1"]

1. d4 d5 2. c4 e6 3. Nf3 Nf6 4. g3 Be7 5. Bg2 O-O 6. Qc2 Nbd7 7. O-O c6 8. Nbd2
b6 9. e4 dxc4 10. Nxc4 Bb7 11. e5 Nd5 12. h4 Re8 13. Ng5 Nf8 14. Ne4 Ba6 15.
Rd1 Bxc4 16. Qxc4 Qd7 17. Bg5 Rec8 18. Bxe7 Qxe7 19. Nd6 Rc7 20. Rac1 Rd8 21.
b4 Nd7 22. a3 *

[Event "European Blitz Championship 2021"]
[Site "Katowice"]
[Date "2021.12.17"]
[Round "18"]
[White "Mirzoev, Emil"]
[Black "Brodowski, Piotr"]
[Result "*"]
[WhiteElo "2474"]
[BlackElo "2335"]
[Annotator "ChessBase"]
[PlyCount "24"]
[EventDate "2021.12.17"]
[EventType "swiss"]
[EventCountry "POL"]
[SourceTitle "playchess.com"]
[Source "ChessBase"]
[SourceQuality "1"]

1. d4 c5 2. d5 d6 3. c4 e5 4. Nc3 Be7 5. g3 Nf6 6. Bg2 O-O 7. e4 a6 8. a4 Ne8
9. Nge2 Nd7 10. O-O g6 11. Bh6 Ng7 12. Qd2 Nf6 *

[Event "European Blitz Championship 2021"]
[Site "Katowice"]
[Date "2021.12.17"]
[Round "18"]
[White "Kjartansson, Gudmundur"]
[Black "Kowalczyk, Rafal"]
[Result "1-0"]
[WhiteElo "2382"]
[BlackElo "2252"]
[Annotator "NA"]
[PlyCount "103"]
[EventDate "2021.12.17"]
[EventType "swiss"]
[EventCountry "POL"]
[SourceTitle "playchess.com"]
[Source "ChessBase"]
[SourceQuality "1"]

1. c4 e6 2. Nc3 d5 3. d4 Nf6 4. cxd5 exd5 5. Bg5 Be7 6. e3 c6 7. Bd3 Nbd7 8.
Nge2 O-O 9. Qc2 Re8 10. O-O Nf8 11. f3 g6 12. Rad1 Ne6 13. Bh4 Nh5 14. Bf2 f5
15. Kh1 Nf6 16. e4 fxe4 17. fxe4 dxe4 18. Nxe4 Nd5 19. a3 Ng7 20. N4c3 Be6 21.
Rde1 Rc8 22. Ng3 Bd6 23. Nge4 Bb8 24. Bg1 Rf8 25. Nc5 Bf5 26. Nxb7 Qh4 27. Ne4
Nh5 28. Qf2 Qxf2 29. Bxf2 Nhf4 30. Bb1 Ne6 31. Ned6 Bxb1 32. Nxc8 Bd3 33. Rg1
Ng7 34. Nc5 Bf5 35. Ne7+ Nxe7 36. Rxe7 Bd6 37. Rxa7 Nh5 38. Re1 Bg4 39. Bg1 Nf4
40. b4 h5 41. a4 h4 42. h3 Nxh3 43. Bh2 Nf2+ 44. Kg1 Bxh2+ 45. Kxh2 Bf5 46.
Ree7 Ng4+ 47. Kg1 Nf6 48. Rg7+ Kh8 49. Rgf7 Rxf7 50. Rxf7 Nd5 51. a5 Nxb4 52.
a6 1-0

[Event "European Blitz Championship 2021"]
[Site "Katowice"]
[Date "2021.12.17"]
[Round "18"]
[White "Spalir, Jernej"]
[Black "Snihur, Piotr"]
[Result "0-1"]
[WhiteElo "2368"]
[BlackElo "2237"]
[Annotator "NA"]
[PlyCount "98"]
[EventDate "2021.12.17"]
[EventType "swiss"]
[EventCountry "POL"]
[SourceTitle "playchess.com"]
[Source "ChessBase"]
[SourceQuality "1"]

1. d4 Nf6 2. Nf3 e6 3. c4 Bb4+ 4. Bd2 Qe7 5. g3 O-O 6. Bg2 Nc6 7. O-O d6 8. Bg5
a6 9. a3 Ba5 10. b4 Bb6 11. c5 dxc5 12. dxc5 Rd8 13. Qc2 Ba7 14. Nc3 Bd7 15.
Ne4 e5 16. Nxf6+ gxf6 17. Bh4 Qe6 18. e3 b6 19. Rfd1 bxc5 20. bxc5 Rab8 21. Nd2
f5 22. Nc4 Re8 23. Bd5 Qg6 24. Bg2 Bc8 25. Qa4 Rb5 26. Rac1 e4 27. Nd2 Qe6 28.
Bf1 Ra5 29. Qc2 Rxc5 30. Qb2 Ne5 31. Nb3 Rxc1 32. Rxc1 Bd7 33. Rxc7 Bb8 34. Nd4
Qd6 35. Rb7 Nf3+ 36. Nxf3 exf3 37. Bf6 Bc6 38. Rb4 Bb5 39. Bh8 f6 40. Qxf6 Qxf6
41. Bxf6 Bd6 42. Bxb5 axb5 43. Rxb5 Rc8 44. h4 Rc1+ 45. Kh2 Rf1 46. Rb2 Bxa3
47. Ra2 Bc5 48. g4 Bd6+ 49. Kh3 Rh1# 0-1

[Event "European Blitz Championship 2021"]
[Site "Katowice"]
[Date "2021.12.17"]
[Round "18"]
[White "Ortega Ruiz, Jose Miguel"]
[Black "Sliwicka, Alicja"]
[Result "1/2-1/2"]
[WhiteElo "2317"]
[BlackElo "2155"]
[Annotator "NA"]
[PlyCount "37"]
[EventDate "2021.12.17"]
[EventType "swiss"]
[EventCountry "POL"]
[SourceTitle "playchess.com"]
[Source "ChessBase"]
[SourceQuality "1"]

1. d4 Nf6 2. c4 c5 3. d5 b5 4. cxb5 a6 5. e3 e6 6. dxe6 fxe6 7. Nc3 d5 8. Nf3
Bd6 9. a4 O-O 10. Be2 Bb7 11. O-O e5 12. e4 d4 13. bxa6 Nxa6 14. Qb3+ Kh8 15.
Qxb7 dxc3 16. Bxa6 Rb8 17. Qa7 Ra8 18. Qb7 Rb8 19. Qa7 1/2-1/2

[Event "European Blitz Championship 2021"]
[Site "Katowice"]
[Date "2021.12.17"]
[Round "18"]
[White "Zakrzewski, Marek"]
[Black "Kyc, Jerzy"]
[Result "*"]
[WhiteElo "2279"]
[BlackElo "2250"]
[Annotator "NA"]
[PlyCount "42"]
[EventDate "2021.12.17"]
[EventType "swiss"]
[EventCountry "POL"]
[SourceTitle "playchess.com"]
[Source "ChessBase"]
[SourceQuality "1"]

1. e4 c5 2. Nf3 d6 3. Bb5+ Bd7 4. Bxd7+ Qxd7 5. c4 Nf6 6. Nc3 g6 7. d4 cxd4 8.
Nxd4 Bg7 9. f3 O-O 10. Be3 Nc6 11. O-O Rac8 12. b3 Rfd8 13. Qd2 e6 14. Rac1 d5
15. cxd5 exd5 16. exd5 Nxd5 17. Nxc6 bxc6 18. Nxd5 cxd5 19. Bd4 Qf5 20. Bxg7
Kxg7 21. Qd4+ Kg8 *

[Event "European Blitz Championship 2021"]
[Site "Katowice"]
[Date "2021.12.17"]
[Round "18"]
[White "Gerasimenyk, Mikhail"]
[Black "Wisniewski, Michal"]
[Result "*"]
[WhiteElo "2258"]
[BlackElo "2215"]
[Annotator "NA"]
[PlyCount "46"]
[EventDate "2021.12.17"]
[EventType "swiss"]
[EventCountry "POL"]
[SourceTitle "playchess.com"]
[Source "ChessBase"]
[SourceQuality "1"]

1. d4 Nf6 2. Nf3 g6 3. Bg5 Bg7 4. e3 c5 5. c3 O-O 6. Nbd2 Nc6 7. Bd3 d6 8. h4
Bg4 9. Bxf6 Bxf6 10. h5 e5 11. hxg6 fxg6 12. dxe5 dxe5 13. Qb3+ Kg7 14. Qxb7+
Ne7 15. Qa6 Rb8 16. O-O-O Rb6 17. Qc4 Be6 18. Qxc5 Qxd3 19. Nxe5 Qb5 20. Qxb5
Rxb5 21. Nef3 Bxa2 22. Ne4 Bd5 23. Nxf6 Rxf6 *

[Event "European Blitz Championship 2021"]
[Site "Katowice"]
[Date "2021.12.17"]
[Round "18"]
[White "Sharankov, Grigory"]
[Black "Malek, Jan"]
[Result "*"]
[WhiteElo "2238"]
[BlackElo "1838"]
[Annotator "NA"]
[PlyCount "39"]
[EventDate "2021.12.17"]
[EventType "swiss"]
[EventCountry "POL"]
[SourceTitle "playchess.com"]
[Source "ChessBase"]
[SourceQuality "1"]

1. d4 Nf6 2. Nc3 d5 3. Bf4 a6 4. e3 c5 5. Nf3 Nc6 6. Be2 Bg4 7. O-O e6 8. h3
Bh5 9. Ne5 Bxe2 10. Nxe2 cxd4 11. exd4 Bd6 12. Re1 O-O 13. Nxc6 bxc6 14. Bxd6
Qxd6 15. Nc3 c5 16. dxc5 Qxc5 17. Na4 Qc6 18. b3 Rfd8 19. Rc1 Rac8 20. Qe2 *

[Event "European Blitz Championship 2021"]
[Site "Katowice"]
[Date "2021.12.17"]
[Round "18"]
[White "Lewtak, Damian"]
[Black "Donchenko, Alexander"]
[Result "*"]
[WhiteElo "2203"]
[BlackElo "2645"]
[Annotator "RC"]
[PlyCount "35"]
[EventDate "2021.12.17"]
[EventType "swiss"]
[EventCountry "POL"]
[SourceTitle "playchess.com"]
[Source "ChessBase"]
[SourceQuality "1"]

1. d4 d5 2. c3 Nf6 3. Bf4 c5 4. e3 Nc6 5. Nd2 Bf5 6. Bb5 e6 7. Ngf3 Bd6 8. Qa4
O-O 9. Bxc6 bxc6 10. Bxd6 Qxd6 11. Qa3 Nd7 12. Nb3 Bd3 13. Nxc5 Nxc5 14. Qxc5
Qb8 15. b3 f6 16. Qxc6 Re8 17. Kd2 Be4 18. Rhc1 *

[Event "European Blitz Championship 2021"]
[Site "Katowice"]
[Date "2021.12.17"]
[Round "18"]
[White "Niedbala, Bartlomiej"]
[Black "Sadzikowski, Daniel"]
[Result "*"]
[WhiteElo "2179"]
[BlackElo "2525"]
[Annotator "ChessBase"]
[PlyCount "35"]
[EventDate "2021.12.17"]
[EventType "swiss"]
[EventCountry "POL"]
[SourceTitle "playchess.com"]
[Source "ChessBase"]
[SourceQuality "1"]

1. Nf3 d5 2. g3 Nd7 3. Bg2 e5 4. d4 e4 5. Ne5 Ngf6 6. O-O Bd6 7. Nxd7 Bxd7 8.
c4 c6 9. cxd5 cxd5 10. Bg5 h6 11. Bxf6 Qxf6 12. Nc3 Bc6 13. Qb3 Qg5 14. Nb5 Bb8
15. h4 Qd8 16. Qb4 Qe7 17. Qxe7+ Kxe7 18. Nc3 *

[Event "European Blitz Championship 2021"]
[Site "Katowice"]
[Date "2021.12.17"]
[Round "18"]
[White "Pavlidou, Ekaterini"]
[Black "Kolasa, Pjotrs"]
[Result "1/2-1/2"]
[WhiteElo "2177"]
[BlackElo "2020"]
[Annotator "NA"]
[PlyCount "173"]
[EventDate "2021.12.17"]
[EventType "swiss"]
[EventCountry "POL"]
[SourceTitle "playchess.com"]
[Source "ChessBase"]
[SourceQuality "1"]

1. d4 Nf6 2. c4 e6 3. Nc3 Bb4 4. e3 O-O 5. Nge2 Re8 6. a3 Bf8 7. Ng3 a5 8. Bd3
d5 9. O-O Nbd7 10. f3 e5 11. cxd5 exd4 12. exd4 Nb6 13. Bg5 h6 14. Bxf6 Qxf6
15. Nge2 Qd8 16. Qb3 Re3 17. Rad1 a4 18. Qa2 Bd7 19. Be4 Kh8 20. Kf2 f5 21.
Kxe3 fxe4 22. Nxe4 Bf5 23. N2c3 Qh4 24. g3 Qxh2 25. Rh1 Qc2 26. Qb1 Nc4+ 27.
Kf4 Qxb1 28. Rxb1 Bd7 29. Nc5 Bd6+ 30. Ke4 Re8+ 31. Kd3 Bxc5 32. dxc5 Na5 33.
Ne4 Bf5 34. g4 Bg6 35. Kd4 Rf8 36. Rh3 Nb3+ 37. Kc3 Nxc5 38. Nxc5 Bxb1 39. Ne6
Rf7 40. Kd4 Rd7 41. Ke5 Ba2 42. Nf4 Re7+ 43. Kd4 Kg8 44. Ne6 c6 45. Nc5 Bxd5
46. f4 b6 47. Nd3 Re4+ 48. Kc3 Rc4+ 49. Kd2 Rd4 50. Kc3 Rc4+ 51. Kd2 b5 52. Ne5
Rxf4 53. Rg3 Rf2+ 54. Kc3 Kf8 55. g5 hxg5 56. Rxg5 Re2 57. Nd7+ Kf7 58. Rg3 Rg2
59. Re3 Rf2 60. Ne5+ Kg8 61. Nd3 Rf3 62. Re8+ Kh7 63. Kd4 Rh3 64. Nf4 Rh2 65.
Kc3 Rf2 66. Nd3 Rf3 67. Kd4 Bc4 68. Ne5 Rf2 69. Nxc4 bxc4 70. Kc3 Rf3+ 71. Kxc4
Rb3 72. Re2 g5 73. Kc5 Kg6 74. Kxc6 g4 75. Re4 Kf5 76. Rxa4 Rxb2 77. Ra8 g3 78.
a4 Rb4 79. a5 Rg4 80. Rf8+ Ke6 81. Re8+ Kf7 82. Re1 g2 83. a6 g1=Q 84. Rxg1
Rxg1 85. a7 Ra1 86. Kb7 Rxa7+ 87. Kxa7 1/2-1/2

[Event "European Blitz Championship 2021"]
[Site "Katowice"]
[Date "2021.12.17"]
[Round "18"]
[White "Hlavina, Matous"]
[Black "Dzierzak, Radoslaw"]
[Result "1/2-1/2"]
[WhiteElo "2125"]
[BlackElo "2264"]
[Annotator "NA"]
[PlyCount "87"]
[EventDate "2021.12.17"]
[EventType "swiss"]
[EventCountry "POL"]
[SourceTitle "playchess.com"]
[Source "ChessBase"]
[SourceQuality "1"]

1. e4 c5 2. Nf3 Nc6 3. d4 cxd4 4. Nxd4 e6 5. Nxc6 bxc6 6. Bd3 Nf6 7. O-O e5 8.
Kh1 d6 9. Qe2 Be7 10. f4 exf4 11. Bxf4 Ng4 12. Nd2 O-O 13. Nf3 Bf6 14. c3 Ne5
15. Nxe5 dxe5 16. Be3 Be6 17. Bc4 Qe7 18. Bxe6 Qxe6 19. b3 a5 20. c4 a4 21. h3
Rfb8 22. Qc2 Be7 23. Rab1 axb3 24. axb3 Ra3 25. Rfd1 Rba8 26. Rb2 h6 27. Qd3
Rd8 28. Qc2 Rxd1+ 29. Qxd1 Qg6 30. Qf3 Bg5 31. Bxg5 Qxg5 32. Rb1 Ra2 33. Rf1 f6
34. Rf2 Ra1+ 35. Rf1 Ra2 36. Rf2 Ra1+ 37. Rf1 Ra3 38. Rd1 Ra2 39. Rf1 Qd2 40.
Qg4 Rb2 41. Qc8+ Kh7 42. Qf5+ Kh8 43. Qc8+ Kh7 44. Qf5+ 1/2-1/2

[Event "European Blitz Championship 2021"]
[Site "Katowice"]
[Date "2021.12.17"]
[Round "18"]
[White "Cukrowski, Filip"]
[Black "Bognar, Csaba"]
[Result "1-0"]
[WhiteElo "2101"]
[BlackElo "2135"]
[Annotator "NA"]
[PlyCount "91"]
[EventDate "2021.12.17"]
[EventType "swiss"]
[EventCountry "POL"]
[SourceTitle "playchess.com"]
[Source "ChessBase"]
[SourceQuality "1"]

1. d4 Nf6 2. c4 g6 3. g3 Bg7 4. Bg2 d6 5. Nc3 O-O 6. Nf3 Nbd7 7. O-O e5 8. h3
Qe7 9. e4 c6 10. Re1 Ne8 11. a4 f5 12. exf5 gxf5 13. dxe5 dxe5 14. Bg5 Qf7 15.
Nh4 h6 16. Bd8 e4 17. Kh1 Ne5 18. b3 Nd3 19. Qd2 Nxe1 20. Rxe1 Be6 21. Ba5 b6
22. Bb4 c5 23. Ba3 Nc7 24. Bb2 Rad8 25. Qf4 Rd3 26. Nb5 Nxb5 27. Bxg7 Qxg7 28.
cxb5 Bxb3 29. Nxf5 Qg6 30. Bxe4 Rd7 31. Nxh6+ Kg7 32. Qxf8+ Kxf8 33. Bxg6 Kg7
34. Be8 Rd4 35. Nf5+ Kf6 36. Nxd4 Kg5 37. Nxb3 a5 38. bxa6 c4 39. Nc1 c3 40. a7
c2 41. a8=Q b5 42. Re4 b4 43. Qd5+ Kf6 44. Re6+ Kg7 45. Qd7+ Kh8 46. Bg6 1-0

[Event "European Blitz Championship 2021"]
[Site "Katowice"]
[Date "2021.12.17"]
[Round "18"]
[White "Krzywda, Andrzej"]
[Black "Golimowski, Pawel"]
[Result "1-0"]
[WhiteElo "2100"]
[BlackElo "1729"]
[Annotator "NA"]
[PlyCount "54"]
[EventDate "2021.12.17"]
[EventType "swiss"]
[EventCountry "POL"]
[SourceTitle "playchess.com"]
[Source "ChessBase"]
[SourceQuality "1"]

1. e4 c5 2. Nc3 Nc6 3. Bb5 Nd4 4. Nf3 a6 5. Bd3 g6 6. Nxd4 cxd4 7. Ne2 Bg7 8.
O-O d6 9. b3 e5 10. f4 Ne7 11. a4 O-O 12. fxe5 dxe5 13. Ba3 Re8 14. Bc4 Rf8 15.
Qe1 Kh8 16. Qh4 f6 17. d3 Rb8 18. a5 Qc7 19. Rf2 h5 20. Ng3 Bg4 21. Nh1 Bh6 22.
Bc1 Bxc1 23. Rxc1 Kg7 24. h3 Bd7 25. Rcf1 Ng8 26. Bxg8 Kxg8 27. Rxf6 Kg7 1-0

[Event "European Blitz Championship 2021"]
[Site "Katowice"]
[Date "2021.12.17"]
[Round "18"]
[White "Smieszek, Wojciech"]
[Black "Balacek, Tadeas"]
[Result "0-1"]
[WhiteElo "2080"]
[BlackElo "2312"]
[Annotator "NA"]
[PlyCount "122"]
[EventDate "2021.12.17"]
[EventType "swiss"]
[EventCountry "POL"]
[SourceTitle "playchess.com"]
[Source "ChessBase"]
[SourceQuality "1"]

1. e4 e6 2. d4 d5 3. Bd3 c5 4. exd5 exd5 5. c3 Nf6 6. Nf3 Bd6 7. dxc5 Bxc5 8.
O-O O-O 9. Nbd2 Nc6 10. Nb3 Bb6 11. Nbd4 Bg4 12. Be3 Re8 13. h3 Bh5 14. Re1
Nxd4 15. cxd4 Ba5 16. Rf1 Ne4 17. Be2 Rc8 18. Ne5 Bxe2 19. Qxe2 f6 20. Nd3 Bc7
21. Qf3 Bd6 22. Rac1 Qd7 23. b4 b6 24. a3 Bf8 25. Nf4 Qf7 26. Qg4 f5 27. Qd1
Bd6 28. Qb3 g5 29. Nxd5 f4 30. f3 Ng3 31. Nf6+ Kg7 32. Qxf7+ Kxf7 33. Nxe8 Rxe8
34. Bf2 Ne2+ 35. Kh1 Nxc1 36. Rxc1 Re2 37. Kg1 Ke6 38. Ra1 Kd5 39. Kf1 Rc2 40.
h4 h6 41. hxg5 hxg5 42. Ke1 Kc4 43. Kf1 Kb3 44. Be1 Kb2 45. Rd1 Kxa3 46. Rd3+
Ka4 47. d5 Kb5 48. Rc3 Rxc3 49. Bxc3 Kc4 50. Bd2 Kxd5 51. Ke2 Kc4 52. Kd1 Bxb4
53. Bc1 Bd6 54. Kc2 b5 55. Bb2 a5 56. Bf6 b4 57. Bxg5 b3+ 58. Kb1 Be5 59. Be7
a4 60. Ba3 Kd3 61. Be7 Ke2 0-1

[Event "European Blitz Championship 2021"]
[Site "Katowice"]
[Date "2021.12.17"]
[Round "18"]
[White "Sowinski, Pawel"]
[Black "Druckenthaner, Andreas"]
[Result "1-0"]
[WhiteElo "1548"]
[BlackElo "2346"]
[Annotator "NA"]
[PlyCount "77"]
[EventDate "2021.12.17"]
[EventType "swiss"]
[EventCountry "POL"]
[SourceTitle "playchess.com"]
[Source "ChessBase"]
[SourceQuality "1"]

1. c4 e5 2. Nc3 d6 3. g3 Nc6 4. Bg2 Be6 5. d3 Qd7 6. e4 g6 7. Nge2 Bh3 8. O-O
Bxg2 9. Kxg2 Bg7 10. Be3 Nf6 11. h3 O-O 12. f4 exf4 13. Nxf4 Ne7 14. Bd4 c6 15.
Qe2 a6 16. Rae1 Rae8 17. Qf3 h6 18. a4 Nh7 19. Bxg7 Kxg7 20. d4 Ng8 21. h4 Nhf6
22. e5 dxe5 23. dxe5 Nh7 24. Ne4 Rxe5 25. Qc3 Rfe8 26. Nd3 f6 27. Nxe5 fxe5 28.
Rf2 Qe7 29. Ref1 Rf8 30. Rxf8 Nxf8 31. c5 Qe6 32. Nd6 Nf6 33. Qf3 N8d7 34. Qe3
Qd5+ 35. Kg1 Nxc5 36. Nc8 Nce4 37. Nb6 Qe6 38. b3 Qg4 39. Rf3 1-0

[Event "European Blitz Championship 2021"]
[Site "Katowice"]
[Date "2021.12.17"]
[Round "18.1"]
[White "Durarbayli, Vasif"]
[Black "Duda, Jan-Krzysztof"]
[Result "1/2-1/2"]
[WhiteElo "2629"]
[BlackElo "2756"]
[Annotator "TA"]
[PlyCount "145"]
[EventDate "2021.12.17"]
[EventType "swiss"]
[EventCountry "POL"]
[SourceTitle "playchess.com"]
[Source "ChessBase"]
[SourceQuality "1"]

1. e4 c5 2. b3 Nc6 3. Bb2 e5 4. Bc4 d6 5. Nc3 Nf6 6. d3 g6 7. Nge2 Bg7 8. O-O
O-O 9. f4 Ng4 10. Nd5 exf4 11. Bxg7 Kxg7 12. Nexf4 Rb8 13. a4 b6 14. h3 Nge5
15. Qd2 a6 16. Ne3 b5 17. axb5 axb5 18. Bd5 b4 19. Bxc6 Nxc6 20. Rf2 Rb7 21.
Raf1 f6 22. Nfd5 Rbf7 23. Ng4 Bxg4 24. hxg4 Ne5 25. Qf4 Qd7 26. Ne3 Qe6 27. Ra1
Rh8 28. Qg3 h5 29. gxh5 Rxh5 30. Ra8 Rg5 31. Qh4 Rh5 32. Qf4 f5 33. exf5 gxf5
34. Qg3+ Ng4 35. Nxf5+ Rfxf5 36. Qxg4+ Rhg5 37. Qe2 Qxe2 38. Rxe2 Rf6 39. Re7+
Kg6 40. Rg8+ Kf5 41. Rxg5+ Kxg5 42. Re3 Rf4 43. Rf3 Rh4 44. Rg3+ Kf6 45. Rh3
Rg4 46. Kf2 Ke5 47. Rg3 Rh4 48. Ke3 Rh1 49. Rg5+ Kf6 50. Rg4 Kf5 51. Rf4+ Ke6
52. Re4+ Kf6 53. d4 Rd1 54. dxc5 dxc5 55. Rc4 Rd5 56. g4 Ke5 57. Re4+ Kf6 58.
Kf4 Rd2 59. Rc4 Rd5 60. Kf3 Ke5 61. Kg3 Kf6 62. Kh4 Kg6 63. Kg3 Kf7 64. Kf3 Ke6
65. Ke3 Ke5 66. Rf4 Ke6 67. Rf2 Rd4 68. Rf4 Rd5 69. Re4+ Kf6 70. Kf4 Rd2 71.
g5+ Kf7 72. Rc4 Rd5 73. Ke4 1/2-1/2

[Event "European Blitz Championship 2021"]
[Site "Katowice"]
[Date "2021.12.17"]
[Round "18.1"]
[White "Kjartansson, Gudmundur"]
[Black "Bogdanov, Ignat"]
[Result "1-0"]
[WhiteElo "2382"]
[BlackElo "2116"]
[Annotator "NA"]
[PlyCount "85"]
[EventDate "2021.12.17"]
[EventType "swiss"]
[EventCountry "POL"]
[SourceTitle "playchess.com"]
[Source "ChessBase"]
[SourceQuality "1"]

1. c4 Nf6 2. Nc3 c6 3. d4 d5 4. e3 e6 5. Nf3 Be7 6. Bd3 O-O 7. O-O Nbd7 8. b3
b6 9. Bb2 Bb7 10. e4 dxe4 11. Nxe4 Nxe4 12. Bxe4 Nf6 13. Bc2 Qc7 14. Qe2 Rad8
15. Rad1 c5 16. Rfe1 Bxf3 17. Qxf3 cxd4 18. Bxd4 Rd7 19. Qh3 h6 20. Qc3 Rfd8
21. Be5 Qc8 22. Rxd7 Rxd7 23. h3 Qd8 24. b4 Bd6 25. Ba4 Bxe5 26. Qxe5 Rd4 27.
Rc1 Re4 28. Qc3 Qd4 29. Qxd4 Rxd4 30. Bb3 Kf8 31. Kf1 Ke7 32. Ke2 Rd7 33. a4 a5
34. c5 axb4 35. cxb6 Ne4 36. a5 Nc3+ 37. Rxc3 bxc3 38. a6 Rd2+ 39. Ke3 Rb2 40.
a7 Rxb3 41. a8=Q c2+ 42. Kd2 Rxb6 43. Qa7+ 1-0